| 000 | 01262nam a2200325 i 4500 | ||
|---|---|---|---|
| 001 | 42714 | ||
| 003 | Mx-PuUPA | ||
| 005 | 20250328101300.0 | ||
| 008 | 140415s2021 ck a gr 001 0 spa d | ||
| 020 | _a9789585031951 | ||
| 020 |
_a9789585031968 _qe-ISBN |
||
| 040 |
_cMx-PuUPA _aMx-PuUPA _bspa _dMx-PuUPA _erda |
||
| 041 | 0 | _aspa | |
| 100 | 1 |
_aEstupiñan Gaitán, Rodrigo, _eautor _914343 |
|
| 245 | 1 | 0 |
_aControl interno y fraudes : _banálisis de Informe COSO I, II y III con base en los ciclos transaccionales / _cRodrigo Estupiñan Gaitán |
| 250 |
_aCuarta edición / _boctubre |
||
| 264 | 1 |
_aBogotá, Colombia : _bEcoe Ediciones, _c2021 |
|
| 300 |
_a482 páginas : _bilustraciones ; _c24 cm |
||
| 336 |
_2rdacontent _atexto _btxt |
||
| 337 |
_2rdamedia _asin medio _bn |
||
| 338 |
_2rdacarrier _avolumen _bnc |
||
| 500 | _a"Incluye complemento virtual SIL (Sistema de Información en Línea) www.ecoediciones.com.".-- Hoja legal | ||
| 650 | 7 |
_2armarc _aControl interno |
|
| 650 | 7 |
_2armarc _aAuditoría |
|
| 650 | 7 |
_2armarc _aContraloría de empresas |
|
| 942 |
_2ddc _cLI _h658.4013 _iE75 |
||
| 999 |
_c42714 _d42714 |
||